<?xml version="1.0" encoding="UTF-8"?>
<record
    xmlns:xsi="http://www.w3.org/2001/XMLSchema-instance"
    xsi:schemaLocation="http://www.loc.gov/MARC21/slim http://www.loc.gov/standards/marcxml/schema/MARC21slim.xsd"
    xmlns="http://www.loc.gov/MARC21/slim">

  <leader>02372nam a2200193   4500</leader>
  <controlfield tag="003">CO-ViMGA</controlfield>
  <datafield tag="020" ind1=" " ind2=" ">
    <subfield code="a">978-958-623-168-8</subfield>
  </datafield>
  <datafield tag="040" ind1=" " ind2=" ">
    <subfield code="a">CO-ViMGA</subfield>
    <subfield code="b">spa</subfield>
    <subfield code="c">CO-ViMGA</subfield>
  </datafield>
  <datafield tag="082" ind1="0" ind2="4">
    <subfield code="a">782.42083</subfield>
    <subfield code="b">D2</subfield>
  </datafield>
  <datafield tag="245" ind1="1" ind2="0">
    <subfield code="a">De agua, viento y verdor : </subfield>
    <subfield code="b">paisajes sonoros, cantos y relatos ind&#xED;genas para ni&#xF1;os y ni&#xF1;as</subfield>
  </datafield>
  <datafield tag="250" ind1=" " ind2=" ">
    <subfield code="a">1a. ed.</subfield>
  </datafield>
  <datafield tag="260" ind1=" " ind2=" ">
    <subfield code="a">Bogota</subfield>
    <subfield code="b">ICBF</subfield>
    <subfield code="c">2014</subfield>
  </datafield>
  <datafield tag="300" ind1=" " ind2=" ">
    <subfield code="a">156 p.</subfield>
    <subfield code="b">il. fot.</subfield>
    <subfield code="e">en caja de 32 x 30 x 3 cm</subfield>
  </datafield>
  <datafield tag="500" ind1=" " ind2=" ">
    <subfield code="a">Incluye 9 CDs como material acompa&#xF1;ante al texto</subfield>
  </datafield>
  <datafield tag="504" ind1=" " ind2=" ">
    <subfield code="a">Bibliograf&#xED;a p. 152-153</subfield>
  </datafield>
  <datafield tag="505" ind1=" " ind2=" ">
    <subfield code="a">CD 1. Kam&#xEB;ntsa 1. Sh&#xEB;ntsek Kojtsemma / Rosa Jansasoy, Mar&#xED;a luisa Jansasoy -- 4y5. Kuay jajoy / Mar&#xED;a Rosa Espa&#xF1;a -- 6y7. Cumplea&#xF1;o, uachuante / Miguel Muchavisoy Chindoy -- 10. Jashnam javersiam / Taita Pablo Crisp&#xED;n Chindoy Escobar -- 11y12. Bash&#xEB;tem m&#xEB;tskuay -- CD 2. korebaju 1. Amanece entre los korebaju 5y6. nani uja / Arturo Piranga Camacho -- 9. A&#xF1;a uja / Nelsy Piranga -- 12,13y14. Uja &#xF1;ase va&#xFE;upi / Nelsy Piranga -- CD 3. Embera Cham&#xED; 1. Bosque donde habitan los jais -- 4y5. Neponocheke / Carlos Albeiro Arcila Ramos -- 8y9. Chikorocheke / Carlos Albeiro Arcila Ramos -- CD 4. S&#xE1;bila 1. Laguna apacible -- 5y6. Sekwidiga suti / Eufracia Wakarepare -- 8y9. Melod&#xED;a para que la ni&#xF1;a crezca / Carlos Wakarapare -- 13,14y15. Sekwidiga xuse / Ana Rita Ponar&#xE9; -- CD 5. Kokama 1. Polifon&#xED;a nocturna -- 4. Waka tsatsatsima / Juana Ache Silvano -- 8y9. Kapiwara / Emilo Chu&#xF1;a Cabache -- 11y12. Kukuara ikara / Juana Ache Silvano -- 14y15. Tikituki / Emilo Chu&#xF1;a Cabache -- 18. Los astros -- 22y23. Los mayores recuerdan el carnaval -- CD 6. yagua 1. Llega el viento a la selva y es mediod&#xED;a -- 5y6. Jantu / Oliva Cabuache -- 11y12. Clad&#xE1; / Aristo Lozano -- 13y14. Lanchesita / Aristo Lozano -- CD 7. Aw&#xE1; 1. Bosque lluvioso -- 4y5. Tuh putnu / Carmela Pascal -- 9y10. Pi aw&#xE1; / Carmela Pascal -- 13y14. Wat uzan / Alfonso Canticus -- CD 8. Ette Ennaka 1. En el lugar so&#xF1;ado -- 4y5. T&#xF3;lepi / Mar&#xED;a Dominga S&#xE1;nchez -- 8y9. Las abuelas cantan kiitikkwisu kitta y waansa / Mar&#xED;a Dominga S&#xE1;nchez -- 12y13. Bruruguasu -- 15y 16. Silbar con la flor del cocuyo / Cesar jim&#xE9;nez Duque -- CD 9. Wiwa 1. De ma&#xF1;ana en tezhumke -- 3y4. La canci&#xF3;n del viento / Hilario Bola&#xF1;o Villaz&#xF3;n -- 9,10,11y12. Canci&#xF3;n para el ni&#xF1;o en el vientre / Mar&#xED;a Mujica</subfield>
  </datafield>
  <datafield tag="650" ind1="1" ind2="4">
    <subfield code="a">Canciones infantiles</subfield>
    <subfield code="9">614</subfield>
  </datafield>
  <datafield tag="942" ind1=" " ind2=" ">
    <subfield code="2">ddc</subfield>
    <subfield code="c">BK</subfield>
  </datafield>
  <datafield tag="999" ind1=" " ind2=" ">
    <subfield code="c">9529</subfield>
    <subfield code="d">9529</subfield>
  </datafield>
  <datafield tag="952" ind1=" " ind2=" ">
    <subfield code="0">0</subfield>
    <subfield code="1">0</subfield>
    <subfield code="2">ddc</subfield>
    <subfield code="4">0</subfield>
    <subfield code="7">0</subfield>
    <subfield code="8">GEN</subfield>
    <subfield code="a">MEDORADO</subfield>
    <subfield code="b">MEDORADO</subfield>
    <subfield code="c">GEN</subfield>
    <subfield code="d">2023-05-11</subfield>
    <subfield code="l">0</subfield>
    <subfield code="o">782.42 D31</subfield>
    <subfield code="p">DOR02904</subfield>
    <subfield code="r">2023-05-11 00:00:00</subfield>
    <subfield code="t">Ej.1</subfield>
    <subfield code="w">2023-05-11</subfield>
    <subfield code="y">BK</subfield>
  </datafield>
  <datafield tag="952" ind1=" " ind2=" ">
    <subfield code="0">0</subfield>
    <subfield code="1">0</subfield>
    <subfield code="2">ddc</subfield>
    <subfield code="4">0</subfield>
    <subfield code="7">0</subfield>
    <subfield code="a">MEPRICO</subfield>
    <subfield code="b">MEPRICO</subfield>
    <subfield code="c">SInf</subfield>
    <subfield code="d">2023-06-07</subfield>
    <subfield code="l">0</subfield>
    <subfield code="o">P DEA5 EJ. 1</subfield>
    <subfield code="p">PR0000012109</subfield>
    <subfield code="r">2023-06-07 00:00:00</subfield>
    <subfield code="t">Ej.1</subfield>
    <subfield code="w">2023-06-07</subfield>
    <subfield code="y">BK</subfield>
  </datafield>
  <datafield tag="952" ind1=" " ind2=" ">
    <subfield code="0">0</subfield>
    <subfield code="1">0</subfield>
    <subfield code="2">ddc</subfield>
    <subfield code="4">0</subfield>
    <subfield code="7">0</subfield>
    <subfield code="8">INF</subfield>
    <subfield code="a">MECUBARR</subfield>
    <subfield code="b">MECUBARR</subfield>
    <subfield code="c">SInf</subfield>
    <subfield code="d">2023-07-25</subfield>
    <subfield code="l">0</subfield>
    <subfield code="o">P DEA5</subfield>
    <subfield code="p">CUB00845</subfield>
    <subfield code="r">2023-07-25 17:01:12</subfield>
    <subfield code="t">Ej.1</subfield>
    <subfield code="w">2023-07-25</subfield>
    <subfield code="y">BK</subfield>
  </datafield>
  <datafield tag="952" ind1=" " ind2=" ">
    <subfield code="0">0</subfield>
    <subfield code="1">0</subfield>
    <subfield code="2">ddc</subfield>
    <subfield code="4">0</subfield>
    <subfield code="7">0</subfield>
    <subfield code="8">003</subfield>
    <subfield code="a">MEVIECAR</subfield>
    <subfield code="b">MEVIECAR</subfield>
    <subfield code="d">2015-12-03</subfield>
    <subfield code="l">0</subfield>
    <subfield code="o">782.42083 D2</subfield>
    <subfield code="p">11187</subfield>
    <subfield code="r">2015-12-03 00:00:00</subfield>
    <subfield code="t">Ej. 1</subfield>
    <subfield code="w">2015-12-03</subfield>
    <subfield code="y">BK</subfield>
  </datafield>
  <datafield tag="952" ind1=" " ind2=" ">
    <subfield code="0">0</subfield>
    <subfield code="1">0</subfield>
    <subfield code="2">ddc</subfield>
    <subfield code="4">0</subfield>
    <subfield code="7">0</subfield>
    <subfield code="8">INF</subfield>
    <subfield code="a">MEGUAMAL</subfield>
    <subfield code="b">MEGUAMAL</subfield>
    <subfield code="c">SInf</subfield>
    <subfield code="d">2023-10-20</subfield>
    <subfield code="l">0</subfield>
    <subfield code="o">P DEA5</subfield>
    <subfield code="p">GUA003763</subfield>
    <subfield code="r">2023-10-20 16:39:56</subfield>
    <subfield code="t">Ej.1</subfield>
    <subfield code="w">2023-10-20</subfield>
    <subfield code="y">BKINF</subfield>
  </datafield>
  <datafield tag="952" ind1=" " ind2=" ">
    <subfield code="0">0</subfield>
    <subfield code="1">0</subfield>
    <subfield code="2">ddc</subfield>
    <subfield code="4">0</subfield>
    <subfield code="7">0</subfield>
    <subfield code="8">GEN</subfield>
    <subfield code="a">MEMAPIRI</subfield>
    <subfield code="b">MEMAPIRI</subfield>
    <subfield code="c">LIT</subfield>
    <subfield code="d">2024-01-16</subfield>
    <subfield code="l">0</subfield>
    <subfield code="o">P DEA5</subfield>
    <subfield code="p">MAP00002574</subfield>
    <subfield code="r">2024-01-16 19:52:34</subfield>
    <subfield code="t">Ej.1</subfield>
    <subfield code="w">2024-01-16</subfield>
    <subfield code="y">BK</subfield>
  </datafield>
  <datafield tag="952" ind1=" " ind2=" ">
    <subfield code="0">0</subfield>
    <subfield code="1">0</subfield>
    <subfield code="2">ddc</subfield>
    <subfield code="4">0</subfield>
    <subfield code="7">0</subfield>
    <subfield code="8">INF</subfield>
    <subfield code="a">MESJUANI</subfield>
    <subfield code="b">MESJUANI</subfield>
    <subfield code="c">SInf</subfield>
    <subfield code="d">2024-06-18</subfield>
    <subfield code="l">0</subfield>
    <subfield code="o">P DEA5</subfield>
    <subfield code="p">SJU00859</subfield>
    <subfield code="r">2024-06-18 17:30:16</subfield>
    <subfield code="t">Ej.1</subfield>
    <subfield code="w">2024-06-18</subfield>
    <subfield code="y">BK</subfield>
  </datafield>
  <datafield tag="952" ind1=" " ind2=" ">
    <subfield code="0">0</subfield>
    <subfield code="1">0</subfield>
    <subfield code="2">ddc</subfield>
    <subfield code="4">0</subfield>
    <subfield code="7">0</subfield>
    <subfield code="8">GEN</subfield>
    <subfield code="a">MESGUARO</subfield>
    <subfield code="b">MESGUARO</subfield>
    <subfield code="c">GEN</subfield>
    <subfield code="d">2024-07-09</subfield>
    <subfield code="l">0</subfield>
    <subfield code="o">P DEA5</subfield>
    <subfield code="p">SG01934</subfield>
    <subfield code="r">2024-07-09 09:10:33</subfield>
    <subfield code="t">Ej.1</subfield>
    <subfield code="w">2024-07-09</subfield>
    <subfield code="y">BK</subfield>
  </datafield>
  <datafield tag="952" ind1=" " ind2=" ">
    <subfield code="0">0</subfield>
    <subfield code="1">0</subfield>
    <subfield code="2">ddc</subfield>
    <subfield code="4">0</subfield>
    <subfield code="7">0</subfield>
    <subfield code="a">MEFTEORO</subfield>
    <subfield code="b">MEFTEORO</subfield>
    <subfield code="c">SInf</subfield>
    <subfield code="d">2025-04-11</subfield>
    <subfield code="l">0</subfield>
    <subfield code="o">P DEA5</subfield>
    <subfield code="p">Fo02310</subfield>
    <subfield code="r">2025-04-11 10:21:00</subfield>
    <subfield code="t">Ej.1</subfield>
    <subfield code="w">2025-04-11</subfield>
    <subfield code="y">BKINF</subfield>
  </datafield>
  <datafield tag="952" ind1=" " ind2=" ">
    <subfield code="0">0</subfield>
    <subfield code="1">0</subfield>
    <subfield code="2">ddc</subfield>
    <subfield code="4">0</subfield>
    <subfield code="7">0</subfield>
    <subfield code="a">MEPLLERAS</subfield>
    <subfield code="b">MEPLLERAS</subfield>
    <subfield code="c">LIT</subfield>
    <subfield code="d">2025-11-11</subfield>
    <subfield code="l">0</subfield>
    <subfield code="o">782.42083 D2</subfield>
    <subfield code="p">PLL02651</subfield>
    <subfield code="r">2025-11-11 16:09:21</subfield>
    <subfield code="t">Ej.1</subfield>
    <subfield code="w">2025-11-11</subfield>
    <subfield code="y">BKINF</subfield>
  </datafield>
</record>
